Central Library OPAC University of Rajshahi

Electronics from theory into practice / (Record no. 85220)

MARC details
000 -LEADER
fixed length control field 01136nam a2200337 a 4500
001 - CONTROL NUMBER
control field 85220
003 - CONTROL NUMBER IDENTIFIER
rucl marc code BD-RjUL
005 - DATE AND TIME OF LATEST TRANSACTION
control field 20250716104045.0
008 - FIXED-LENGTH DATA ELEMENTS--GENERAL INFORMATION
fixed length control field 250716s1976 enka b 001 0 eng
020 ## - INTERNATIONAL STANDARD BOOK NUMBER
International Standard Book Number 9780080198576
International Standard Book Number 0080198570
035 ## - SYSTEM CONTROL NUMBER
System control number (BD-RjUL)85220
040 ## - CATALOGING SOURCE
Original cataloging agency DLC
Transcribing agency DLC
Modifying agency DLC
-- BD-RjUL
Language of cataloging eng
041 ## - LANGUAGE CODE
Language code of text/sound track or separate title eng
082 00 - DEWEY DECIMAL CLASSIFICATION NUMBER
Edition number 23
Classification number 621.381
Author mark and year FIE 1976
100 1# - MAIN ENTRY--PERSONAL NAME
Personal name Fisher, Jack Edward.
9 (RLIN) 16062
245 10 - TITLE STATEMENT
Title Electronics from theory into practice /
Statement of responsibility, etc. by J. E. Fisher and H. B. Gatland.
250 ## - EDITION STATEMENT
Edition statement 2d ed.
260 ## - PUBLICATION, DISTRIBUTION, ETC. (IMPRINT)
Place of publication, distribution, etc. Oxford ;
-- New York :
Name of publisher, distributor, etc. Pergamon Press,
Date of publication, distribution, etc. 1976.
300 ## - PHYSICAL DESCRIPTION
Pagination xv, 489 pages :
Illustrations illustrations ;
Size 21 cm.
336 ## - CONTENT TYPE
Content type term text
Content type code txt
Source rdacontent
337 ## - MEDIA TYPE
Media type term unmediated
Media type code n
Source rdamedia
338 ## - CARRIER TYPE
Carrier type term volume
Carrier type code nc
Source rdacarrier
490 0# - SERIES STATEMENT
Series statement Applied electricity & electronics division
Series statement Pergamon international library of Science, technology, engineering and social studies.
504 ## - BIBLIOGRAPHY, ETC. NOTE
Bibliography, etc Includes bibliographical references and index.
650 #0 - SUBJECT ADDED ENTRY--TOPICAL TERM
Topical term or geographic name as entry element Electronics.
9 (RLIN) 13710
700 1# - ADDED ENTRY--PERSONAL NAME
Personal name Gatland, Howard Bruce,
Relator term joint author.
942 ## - ADDED ENTRY ELEMENTS (KOHA)
Source of classification or shelving scheme Dewey Decimal Classification
Koha item type Books
Holdings
Lost status Source of classification or shelving scheme Damaged status Not for loan Collection code Permanent Location Current Location Shelving location Date acquired Source of acquisition Cost, normal purchase price Total Checkouts Full call number Date last seen Copy number Koha item type
  Dewey Decimal Classification   Not For Loan Non-fiction Central Library, University of Rajshahi Central Library, University of Rajshahi Reading Room 26/12/1981 Heffers & Sons 12.10   621.381 FIE 1976 16/07/2025 C-1 Books